Repo obchody na BCPB

Uzavretie repo obchodov. Nahlasovanie. Prevedenie akcie dlžníka na účet veriteľa.

Saved in:
Bibliographic Details
Main Author: Pumová, A.
Format: Book Chapter
Language:Slovak
Subjects:
Tags: Add Tag
No Tags, Be the first to tag this record!

MARC

LEADER 00000naa a2200000 4500
001 r018612
005 20221213100552.1
041 0 |a slo 
044 |a SK 
245 1 0 |a Repo obchody na BCPB  |c A. Pumová 
520 |a Uzavretie repo obchodov. Nahlasovanie. Prevedenie akcie dlžníka na účet veriteľa. 
610 2 0 |a burzy 
610 2 0 |a obchody burzové 
610 2 0 |a úpisy dlžobné 
610 2 0 |a akcie 
100 1 |a Pumová, A.